01675nam a2200361 450000100030000000300040000300500170000700800410002402000180006504000080008304100130009108200200010410000280012424000170015224500580016926000330022730000110026049000370027150000530030852005700036165000290093165000140096065000240097465000240099865000140102265500160103665500200105270000270107283000420109994200150114195201460115699900110130289OSt20250528074011.0250123b |||||||d |||| 00| 1 eng d a9788501080905 bpor hengapor aIJ 028.5bC116p1 aCabot, Meg,d1967-9199 aPrincess Mia aPrincesabMia /cCabot, Meg ; Tradução de Ana Ban aRio de JaneirobRecordc2008 a300 p.1 aO diário da PrincesavLivro 09 aPrincesa Mia Sequência de: princesa no limite aMia precisa discursar em um baile de gala da Domina Rei, uma sociedade de elite, cheia de poderosas mulheres de negócios. O que diabos ela teria a dizer? Agora que Michael terminou com ela de vez, Mia não consegue sair da cama, sua melhor amiga a odeia e todas as suas roupas estão ficando apertadas. Para piorar, está sendo obrigada a ver um terapeuta, Lana Weinberg agora quer ser sua melhor amiga, e Mia descobre o diário de uma antepassada, com revelações que podem mudar o destino da Genovia para sempre. Como uma princesa poderia resolver tantos 0aLiteratura Americana984 0aHumor960 0aAmor e Paixão925 0aInfantojuvenil9200 0aFilme926 0aRomance923 0aFicção 922 aAna BaneTradutor9203 aO diário da princesavLivro 099201 2ddcn0cBK 00102ddc3vol. 0940708FICaBIBIBbBIBIBcIJd2013-12-19edoaçãol0oIJ 028.5 / C116pp2025-14849r2025-01-23 08:06:13w2025-01-23yBK c89d89